Statystyki dla Trzy największe i najmniejsze państwa na każdym kontynencie

Kliknij tutaj aby rozwiązać quiz!

Ogólne statystyki

  • Ten quiz został rozwiązany 199 razy
  • Średni wynik to 28 z 36

Statystyki odpowiedzi

KontynentNAJ% Poprawnych
Azja | EuropaRosja
99%
Stany Zjednoczone
99%
Ameryka PółnocnaKanada
98%
Chiny
98%
Meksyk
97%
Ameryka PołudniowaBrazylia
97%
Australia i OceaniaAustralia
97%
Argentyna
95%
Francja
95%
EuropaWatykan
93%
Nowa Zelandia
92%
Monako
91%
Indie
91%
San Marino
91%
Ukraina
91%
Peru
88%
Demokratyczna Republika Konga
86%
AfrykaAlgieria
85%
Sudan
81%
Papua-Nowa Gwinea
77%
Surinam
77%
Urugwaj
70%
Singapur
64%
Wyspy Świętego Tomasza i Książeca
61%
AfrykaSeszele
60%
Bahrajn
59%
Ameryka PółnocnaSaint Kitts i Nevis
57%
Tuvalu
56%
Australia i OceaniaNauru
56%
AzjaMalediwy
52%
Saint Vincent i Grenadyny
52%
Wyspy Marshalla
52%
Mauritius
51%
Grenada
51%
Ameryka PołudniowaTrynidad i Tobago
48%

Rozkład punktacji

Percentyl według liczby udzielonych odpowiedzi

Procent ludzi z każdym wynikiem

Twoja historia wyników

Nie rozwiązałeś tego quizu